000 00841cab a2200301 4500
001 ABS58502
008 090401t1998 xxu||||| |||| 00| 0 eng d
035 _a(Sirsi) u85360
041 _aeng
100 _aPalmer, I.
245 _aMeasuring up to 2000
260 _c1998
350 _a0
490 _aEstates Gazette
_v(9813) 28 March 1998, 141-143(3)
520 _aUses recent rises in rental values to assess how much rates will rise by on revaluation in 2000. Includes graphs.
650 _aBUSINESS RATES
650 _aINDUSTRIAL SECTOR
650 _aOFFICES
650 _aRATES REVALUATION
650 _aRENTAL VALUES
650 _aRETAIL PARKS
650 _aRETAIL SECTOR
650 _aRATING REVALUATION 2000
650 _aWAREHOUSES
690 _aRATING AND VALUATION
942 _n0
948 _c31/03/1998
999 _c53674
_d53674